Województwo bielskie 1975-98 Miasta - Statystyki

Ogólne statystyki
  • Ten quiz został rozwiązany 73 razy
  • Średni wynik to 11 z 18
Statystyki odpowiedzi
Ludność Miasto % Poprawnych
180 300 Bielsko-Biała
100%
32 400 Żywiec
85%
37 600 Cieszyn
82%
11 800 Wisła
77%
43 900 Oświęcim
74%
5 600 Szczyrk
73%
19 500 Wadowice
73%
15 900 Ustroń
71%
15 800 Skoczów
69%
19 500 Kęty
68%
23 000 Andrychów
65%
9 900 Sucha Beskidzka
50%
2 800 Wilamowice
48%
4 500 Kalwaria Zebrzydowska
39%
3 600 Zator
37%
5 900 Maków Podhalański
32%
3 400 Strumień
27%
9 400 Chełmek
16%
Nie znaleziono quizów pasujących do podanych kryteriów
Rozkład punktacji
Procent ludzi z każdym wynikiem
Percentyl według liczby udzielonych odpowiedzi
Twoja historia wyników
Nie rozwiązałeś tego quizu